| Tag |
First Indicator |
Second Indicator |
Subfields |
| LEADER |
00000cam a2200000 4500 |
| 001 |
in00000094170 |
| 005 |
20150927070253.0 |
| 008 |
750305s1943 eng u |
| 010 |
|
|
|a 43016512
|
| 035 |
|
|
|a (OCoLC)01201851
|
| 035 |
|
|
|9 AAL6026AM
|
| 040 |
|
|
|c MDY
|d TXA
|d UtOrBLW
|
| 049 |
|
|
|a TXAM
|c [802641]
|
| 050 |
|
0 |
|a TN115
|b .P6
|
| 082 |
0 |
|
|a 338.2
|
| 100 |
1 |
|
|a Postel, A. Williams
|q (Albert Williams),
|d 1909-
|
| 245 |
1 |
4 |
|a The mineral resources of Africa /
|c by A. William Postel.
|
| 264 |
|
1 |
|a Phildelphia [sic] :
|b University of Pennsylvania press, University museum,
|c 1943.
|
| 300 |
|
|
|a 4 pages ., 105 pages including frontispiece, illustrations (maps) diagrams, profiles. ;
|c 22 cm.
|
| 336 |
|
|
|a text
|b txt
|2 rdacontent
|
| 337 |
|
|
|a unmediated
|b n
|2 rdamedia
|
| 338 |
|
|
|a volume
|b nc
|2 rdacarrier
|
| 490 |
1 |
|
|a African handbooks
|
| 504 |
|
|
|a Bibliography: pages 104-105.
|
| 650 |
|
0 |
|a Mines and mineral resources
|z Africa.
|
| 830 |
|
0 |
|a African handbooks.
|
| 999 |
|
|
|a MARS
|
| 999 |
f |
f |
|s 9057ee30-da0a-387b-a46f-489b4ca9d3d4
|i 0aed5486-40f9-331c-abfc-49f00fa270cc
|t 0
|
| 952 |
f |
f |
|p ric
|a Texas A&M University
|b Rellis Campus
|c Joint Library Facility
|d Remote Storage
|t 0
|e TN115 .P6
|h Library of Congress classification
|i unmediated -- volume
|m A14805569242
|
| 998 |
f |
f |
|a TN115 .P6
|t 0
|l Remote Storage
|